[Event "Mittelfrank Regionalliga Nord-West 2122"]
[Site "Mittelfranken"]
[Date "2022.03.20"]
[Round "4.2"]
[White "Zentgraf, Alexander"]
[Black "Roeber, Juergen"]
[Result "1-0"]
[WhiteElo "2119"]
[BlackElo "2027"]
[PlyCount "41"]
[EventDate "2021.10.24"]
[EventType "team-tourn"]
[EventRounds "9"]
[EventCountry "GER"]
[SourceTitle "EXT 2024"]
[Source "ChessBase"]
[SourceDate "2023.10.10"]
[SourceVersion "1"]
[SourceVersionDate "2023.10.10"]
[SourceQuality "1"]
[WhiteTeam "Sailauf"]
[BlackTeam "Bamberg II"]
[WhiteTeamCountry "GER"]
[BlackTeamCountry "GER"]

1. e4 c5 2. Nc3 Nc6 3. Bb5 Nd4 4. Nf3 Nxb5 5. Nxb5 d6 6. d4 Bd7 7. Nc3 cxd4 8. Qxd4 e5 9. Qd3 Nf6 10. Bg5 Bc6 11. Nd2 Be7 12. Bxf6 gxf6 13. Nc4 f5 14. exf5 Bxg2 15. Rg1 Bc6 16. 0-0-0 Qd7 17. f6 Bxf6 18. Nxd6+ Kf8 19. Qe3 Qe6 20. Nde4 h5 21. Rd6 1-0

[Event "Mittelfranken-chTB1 1415"]
[Site "Mittelfranken"]
[Date "2014.10.12"]
[Round "2.4"]
[White "Link, Andreas"]
[Black "Roeber, Juergen"]
[Result "0-1"]
[WhiteElo "1977"]
[BlackElo "1991"]
[PlyCount "88"]
[EventDate "2014.09.29"]
[EventType "team-tourn"]
[EventRounds "9"]
[EventCountry "GER"]
[SourceTitle "EXT 2020"]
[Source "ChessBase"]
[SourceDate "2019.10.17"]
[SourceVersion "1"]
[SourceVersionDate "2019.10.17"]
[SourceQuality "1"]
[WhiteTeam "Nuernberg Zabo"]
[BlackTeam "Postbauer Heng"]
[WhiteTeamCountry "GER"]
[BlackTeamCountry "GER"]

1. e4 c5 2. Nf3 Nc6 3. Bb5 Nf6 4. e5 Nd5 5. Nc3 Nxc3 6. dxc3 d5 7. exd6 Qxd6 8. Qxd6 exd6 9. 0-0 Be6 10. Re1 h6 11. Bf4 0-0-0 12. Bxc6 bxc6 13. h3 Be7 14. Rad1 Rd7 15. b3 Rhd8 16. Re3 Bf5 17. Ne1 Bf6 18. g4 Bh7 19. Rd2 g5 20. Bg3 Bg7 21. f4 f5 22. Nf3 fxg4 23. hxg4 gxf4 24. Bxf4 Rf7 25. Bg3 d5 26. Ne5 Bxe5 27. Rxe5 Rg8 28. g5 hxg5 29. c4 Rf3 30. Bf2 Be4 31. cxd5 cxd5 32. c4 Rh8 33. Bxc5 Rf4 34. Rxe4 dxe4 35. Bxa7 Rhf8 36. b4 Rg4+ 37. Rg2 Rxg2+ 38. Kxg2 Rf3 39. b5 g4 40. Bf2 e3 41. Be1 e2 42. a4 Rf1 43. Ba5 e1Q 44. Bxe1 Rxe1 0-1

[Event "Mittelfranken-chTB1 1314"]
[Site "Mittelfranken"]
[Date "2013.11.17"]
[Round "2.4"]
[White "Roeber, Juergen"]
[Black "Siegl, Melina"]
[Result "1-0"]
[WhiteElo "1991"]
[BlackElo "1958"]
[PlyCount "69"]
[EventDate "2013.10.20"]
[EventType "team-tourn"]
[EventRounds "9"]
[EventCountry "GER"]
[SourceTitle "EXT 2020"]
[Source "ChessBase"]
[SourceDate "2019.10.17"]
[SourceVersion "1"]
[SourceVersionDate "2019.10.17"]
[SourceQuality "1"]
[WhiteTeam "Postbauer Heng"]
[BlackTeam "Nuernberg Sued SW III"]
[WhiteTeamCountry "GER"]
[BlackTeamCountry "GER"]

1. e4 e6 2. d4 d5 3. exd5 exd5 4. Bd3 Nc6 5. c3 Bd6 6. Qf3 Nf6 7. h3 h6 8. Ne2 Qe7 9. Bf4 Bxf4 10. Qxf4 g5 11. Qf3 Ne4 12. Nd2 f5 13. Qh5+ Kd8 14. Bxe4 dxe4 15. 0-0-0 Be6 16. Ng3 Bf7 17. Qe2 Qf6 18. Qb5 Ne7 19. Nc4 Kc8 20. Ne5 Be8 21. Qb3 Ng6 22. Nxg6 Bxg6 23. Rhe1 Re8 24. d5 f4 25. d6 cxd6 26. Qc4+ Kb8 27. Nxe4 Qf5 28. f3 Rd8 29. Rd5 Qf7 30. Red1 b6 31. Qb4 Kb7 32. Nxd6+ Rxd6 33. Rxd6 Bf5 34. Qb5 Qxa2 35. Rd7+ 1-0

[Event "Mittelfranken-chTB1 1213"]
[Site "Germany"]
[Date "2012.12.17"]
[Round "5.2"]
[White "Roeber, Juergen"]
[Black "Walter, Thomas"]
[Result "1-0"]
[WhiteElo "2066"]
[BlackElo "2017"]
[PlyCount "83"]
[EventDate "2012.10.07"]
[EventType "team-tourn"]
[EventRounds "9"]
[EventCountry "GER"]
[SourceTitle "EXT 2019"]
[Source "ChessBase"]
[SourceDate "2018.10.10"]
[SourceVersion "1"]
[SourceVersionDate "2018.10.10"]
[SourceQuality "1"]
[WhiteTeam "Postbauer Heng"]
[BlackTeam "Erlangen SC II"]
[WhiteTeamCountry "GER"]
[BlackTeamCountry "GER"]

1. e4 c5 2. c3 g6 3. d4 cxd4 4. cxd4 d5 5. Nc3 dxe4 6. Bc4 Nc6 7. Qb3 Nh6 8. Nge2 e5 9. Nxe4 Bb4+ 10. Kf1 Qh4 11. Bxh6 Qxh6 12. d5 0-0 13. dxc6 Bf5 14. cxb7 Rab8 15. Nf6+ Kg7 16. Qxb4 Kxf6 17. Rd1 Kg7 18. f3 Qh4 19. g3 Qf6 20. Kf2 Be4 21. Qa3 Bxb7 22. Rd6 Qf5 23. g4 Qg5 24. h4 Qh6 25. g5 Qh5 26. Ng3 Qxf3+ 27. Qxf3 Bxf3 28. Kxf3 Rxb2 29. Ne4 Rc8 30. Bb3 Rc7 31. Rhd1 h5 32. Rd7 Rc8 33. Rxf7+ Kh8 34. Rfd7 Rf8+ 35. Nf6 e4+ 36. Kxe4 Re8+ 37. Nxe8 Re2+ 38. Kf3 Rxe8 39. Rd8 Rxd8 40. Rxd8+ Kg7 41. Rd7+ Kh8 42. Ba4 1-0

[Event "Mittelfranken-chTB1 1213"]
[Site "Germany"]
[Date "2012.11.18"]
[Round "3.2"]
[White "Roeber, Juergen"]
[Black "Kroneder, Christian"]
[Result "1/2-1/2"]
[WhiteElo "2066"]
[BlackElo "2014"]
[PlyCount "119"]
[EventDate "2012.10.07"]
[EventType "team-tourn"]
[EventRounds "9"]
[EventCountry "GER"]
[SourceTitle "EXT 2019"]
[Source "ChessBase"]
[SourceDate "2018.10.10"]
[SourceVersion "1"]
[SourceVersionDate "2018.10.10"]
[SourceQuality "1"]
[WhiteTeam "Postbauer Heng"]
[BlackTeam "Schwanstetten"]
[WhiteTeamCountry "GER"]
[BlackTeamCountry "GER"]

1. e4 c5 2. c3 d5 3. exd5 Qxd5 4. d4 g6 5. Nf3 Bg7 6. Na3 cxd4 7. Nb5 Na6 8. Nbxd4 Nf6 9. Bxa6 bxa6 10. 0-0 0-0 11. Qb3 Qd6 12. Re1 Ng4 13. h3 e5 14. Nc2 e4 15. Rxe4 Rb8 16. Bf4 Be5 17. Qc4 Bxf4 18. Rxf4 Rxb2 19. hxg4 Rxc2 20. Ng5 Be6 21. Nxe6 Qxe6 22. Qb3 Re2 23. Qxe6 fxe6 24. Rxf8+ Kxf8 25. a4 Rc2 26. Rb1 Rxc3 27. Rb8+ Kf7 28. Rb7+ Kf6 29. Rxa7 Rc4 30. Rxa6 Rxg4 31. f3 Rb4 32. Kf2 Rb2+ 33. Kg3 g5 34. Ra8 Rb4 35. a5 Ra4 36. a6 h5 37. a7 Ke5 38. Rg8 Rxa7 39. Rxg5+ Kf6 40. Rxh5 Rg7+ 41. Kf2 Rb7 42. f4 Rb3 43. Re5 Ra3 44. g4 Rb3 45. g5+ Kf7 46. Re3 Rb4 47. Kf3 Ra4 48. Rb3 Ra7 49. Rb5 Rc7 50. Ke4 Rd7 51. Ke5 Ra7 52. Rc5 Rd7 53. g6+ Kxg6 54. Kxe6 Ra7 55. f5+ Kg7 56. Rc6 Rf7 57. Ke5 Re7+ 58. Kf4 Re1 59. Rc5 Kf6 60. Rc6+ 1/2-1/2

[Event "Mittelfranken-chTB1 0910"]
[Site "Mittelfranken"]
[Date "2009.10.25"]
[Round "2.3"]
[White "Roeder, Gerd"]
[Black "Roeber, Juergen"]
[Result "1/2-1/2"]
[WhiteElo "2172"]
[BlackElo "2142"]
[PlyCount "118"]
[EventDate "2009.10.11"]
[EventType "team-tourn"]
[EventRounds "9"]
[EventCountry "GER"]
[SourceTitle "EXT 2011"]
[Source "ChessBase"]
[SourceDate "2010.11.26"]
[SourceVersion "1"]
[SourceVersionDate "2010.11.26"]
[SourceQuality "1"]
[WhiteTeam "Altensittenbach"]
[BlackTeam "Postbauer Heng"]
[WhiteTeamCountry "GER"]
[BlackTeamCountry "GER"]

1. e4 c5 2. c3 d5 3. exd5 Qxd5 4. d4 Nf6 5. Nf3 Bg4 6. Qa4+ Bd7 7. Qb3 cxd4 8. Bc4 Qe4+ 9. Kf1 e6 10. Nbd2 Qc6 11. Nxd4 Qc7 12. N2f3 Nc6 13. Nxc6 bxc6 14. g3 Bd6 15. Kg2 0-0 16. Re1 h6 17. Be3 c5 18. Rad1 Rab8 19. Qc2 Bc6 20. Be2 Rfd8 21. Kg1 Be4 22. Qc1 Qb7 23. Nd2 Qxb2 24. Qxb2 Rxb2 25. Nc4 Rxe2 26. Rxe2 Bf3 27. Red2 Bxd1 28. Rxd1 Bc7 29. Rxd8+ Bxd8 30. Bxc5 a6 31. Ne5 Bc7 32. Nc6 Nd5 33. Ne7+ Nxe7 34. Bxe7 f5 35. c4 Kf7 36. Bb4 e5 37. Kf1 Ke6 38. Ke2 g5 39. h3 h5 40. f3 g4 41. fxg4 fxg4 42. hxg4 hxg4 43. Ke3 e4 44. Kxe4 Bxg3 45. Bd2 Bf2 46. Bf4 Kd7 47. Bh6 Kc6 48. Bf8 Bc5 49. Bg7 Bd6 50. Bd4 Bc7 51. Be3 Bb6 52. Bc1 Bf2 53. Ba3 Kb6 54. Bb4 g3 55. Kf3 Bc5 56. a3 Bf2 57. Bd6 Bc5 58. Bxg3 Bxa3 59. Ke4 Kc6 1/2-1/2